Countries With Three Syllables - Statistics

General Stats
  • This quiz has been taken 458 times
    436 since last reset
  • The average score is 24 of 71
Answer Stats
Answers % Correct
Germany
64%
Portugal
61%
Austria
56%
Italy
56%
Latvia
56%
Belarus
54%
Hungary
54%
Netherlands
52%
India
50%
Andorra
48%
Croatia
47%
Canada
46%
Mexico
45%
Kosovo
42%
Serbia
42%
Uruguay
42%
Zambia
42%
Switzerland
41%
Honduras
40%
Luxembourg
40%
Monaco
40%
Panama
40%
Paraguay
40%
Moldova
39%
Pakistan
39%
Vietnam
39%
Angola
38%
Ecuador
38%
Liechtenstein
37%
Zimbabwe
37%
Guyana
36%
Jamaica
35%
Morocco
35%
Suriname
35%
Bahamas
34%
Israel
34%
Malawi
34%
Grenada
32%
Lebanon
31%
Djibouti
30%
Philippines
30%
Bangladesh
29%
Barbados
29%
Burundi
29%
Libya
29%
New Zealand
29%
Senegal
28%
Tuvalu
28%
Uganda
28%
Lesotho
27%
Gambia
26%
Kazakhstan
26%
Syria
26%
Cameroon
25%
Rwanda
24%
Ireland
23%
Kyrgyzstan
23%
Mauritius
22%
Singapore
21%
Mozambique
20%
Myanmar
20%
Sri Lanka
20%
Botswana
19%
South Sudan
19%
Samoa
18%
Comoros
17%
East Timor
14%
Georgia
13%
Swaziland
12%
Cape Verde
11%
Cote d'Ivoire
10%
No matching quizzes found
Score Distribution
Percent of People with Each Score
Percentile by Number Answered
Your Score History
You have not taken this quiz since the last reset